Aprender con mapas mentales: una estrategia para pensar y estudiar
Salvato in:
| Autori principali: | , , |
|---|---|
| Natura: | Libro |
| Lingua: | spagnolo |
| Pubblicazione: |
Madrid
Narcea
2008
|
| Edizione: | 5a. ed |
| Serie: | Colección Educación Hoy
|
| Soggetti: | |
| Tags: |
Aggiungi Tag
Nessun Tag, puoi essere il primo ad aggiungerne!!
|
MARC
| LEADER | 00000nam a2200000 a 4500 | ||
|---|---|---|---|
| 001 | UCG3531 | ||
| 003 | CL-VaPUC | ||
| 008 | 100902e20080000SP |||||||||||||||||spa|d | ||
| 020 | |a 9788427714090 | ||
| 082 | 0 | 4 | |a 370.1523 |b ONT |2 21 |
| 100 | |a Ontoria Peña, Antonio |e autor |9 381454 | ||
| 700 | |a Gómez, Juan Pedro R |e author |9 552751 | ||
| 700 | 0 | |a Luque, Angela De |e author |9 552752 | |
| 245 | 1 | 0 | |a Aprender con mapas mentales: una estrategia para pensar y estudiar |
| 250 | |a 5a. ed | ||
| 300 | |a 150 p | ||
| 942 | |c BK | ||
| 945 | |d 20100902 00:00:00 |a mfarfan | ||
| 260 | |a Madrid |b Narcea |c 2008 | ||
| 650 | 0 | |a Métodos de estudio |9 260518 | |
| 650 | 0 | |a Mapas conceptuales |9 381462 | |
| 650 | 0 | |a Enseñanza |9 256457 | |
| 650 | 0 | |a Aprendizaje |9 254827 | |
| 583 | |a last modification |c 20100902 00:00:00 |k Rodrigo Vera | ||
| 490 | 0 | |a Colección Educación Hoy | |
| 999 | |c 342597 |d 342595 | ||
| 952 | |0 0 |1 0 |4 0 |6 370_152300000000000_ONT_2008 |7 0 |8 A |9 438887 |a BIBEDU |b BIBEDU |d 2019-11-22 |i 4716078 |o 370.1523 ONT 2008 |p 4716078 |r 2019-11-22 |w 2019-11-22 |y BK |k PAR | ||
| 952 | |0 0 |1 0 |4 0 |6 370_152300000000000_ONT_2008 |7 0 |8 A |9 438888 |a BIBEDU |b BIBEDU |d 2019-11-22 |i 4716086 |o 370.1523 ONT 2008 |p 4716086 |r 2019-11-22 |w 2019-11-22 |y BK |k PAR | ||